|
|
|
|
| LEADER |
02849cam a2200661 i 4500 |
| 001 |
nkc20162784758 |
| 003 |
CZ PrNK |
| 005 |
20170612155517.0 |
| 007 |
ta |
| 008 |
160316s2015 xr f 000 0 cze |
| 015 |
|
|
|a cnb002784758
|
| 020 |
|
|
|a 978-80-7298-518-0
|q (Oikúmené ;
|q v knize neuvedeno ;
|q vázáno)
|z 978-80-7298-262-2
|
| 020 |
|
|
|a 978-80-7414-997-9
|q (Univerzita J.E. Purkyně ;
|q v knize neuvedeno ;
|q vázáno)
|z 978-80-7414-259-8
|
| 035 |
|
|
|a (OCoLC)946295816
|
| 040 |
|
|
|a ABA001
|b cze
|e rda
|
| 043 |
|
|
|a e-gr---
|
| 045 |
|
|
|a d5d6
|
| 072 |
|
7 |
|a 14(3)
|x Antická, starověká filozofie
|2 Konspekt
|9 5
|
| 080 |
|
|
|a 14(38)
|2 MRF
|
| 080 |
|
|
|a 82-83
|2 MRF
|
| 080 |
|
|
|a 17
|2 MRF
|
| 080 |
|
|
|a 321
|2 MRF
|
| 080 |
|
|
|a (38)
|2 MRF
|
| 080 |
|
|
|a (048.8)
|2 MRF
|
| 100 |
1 |
|
|a Havlíček, Aleš,
|d 1956-2015
|7 jn20000400911
|4 aut
|
| 245 |
1 |
0 |
|a Dialog, etika a politika :
|b studie k Platónovým raným a středním dialogům /
|c Aleš Havlíček ; z pozůstalosti připravili I. Chvatík a J. Jinek
|
| 246 |
3 |
0 |
|a Studie k Platónovým raným a středním dialogům
|
| 250 |
|
|
|a První vydání
|
| 264 |
|
1 |
|a Praha :
|b OIKOYMENH,
|c 2015
|
| 300 |
|
|
|a 255 stran ;
|c 22 cm
|
| 336 |
|
|
|a text
|b txt
|2 rdacontent
|
| 337 |
|
|
|a bez média
|b n
|2 rdamedia
|
| 338 |
|
|
|a svazek
|b nc
|2 rdacarrier
|
| 490 |
1 |
|
|a Oikúmené ;
|v sv. 133
|
| 500 |
|
|
|a Údaj o vydání je chybný, správně má být: Druhé vydání
|
| 500 |
|
|
|a Vydáno ve spolupráci s Filozofickou fakultou Univerzity Jana Evangelisty Purkyně v Ústí nad Labem
|
| 504 |
|
|
|a Obsahuje bibliografii a bibliografické odkazy
|
| 600 |
0 |
7 |
|a Platón,
|d 427 př. Kr.-347 př. Kr.
|7 jn19981001996
|2 czenas
|
| 648 |
|
7 |
|a 5.-4. století př. Kr.
|7 ch920751
|2 czenas
|
| 650 |
0 |
7 |
|a řecká antická filozofie
|7 ph128248
|y 5.-4. století př. Kr.
|2 czenas
|
| 650 |
0 |
7 |
|a dialog
|7 ph119422
|z starověké Řecko
|2 czenas
|
| 650 |
0 |
7 |
|a etika
|7 ph114488
|z starověké Řecko
|2 czenas
|
| 650 |
0 |
7 |
|a filozofie politiky
|7 ph114545
|z starověké Řecko
|2 czenas
|
| 650 |
0 |
9 |
|a Greek philosophy (ancient)
|y 5th-4th centuries B.C.
|2 eczenas
|
| 650 |
0 |
9 |
|a dialogue
|z Greece
|2 eczenas
|
| 650 |
0 |
9 |
|a ethics
|z Greece
|2 eczenas
|
| 650 |
0 |
9 |
|a philosophy of politics
|z Greece
|2 eczenas
|
| 655 |
|
7 |
|a monografie
|7 fd132842
|2 czenas
|
| 655 |
|
9 |
|a monographs
|2 eczenas
|
| 700 |
1 |
|
|a Chvatík, Ivan,
|d 1941-
|7 jn20000400408
|4 edt
|
| 700 |
1 |
|
|a Jinek, Jakub,
|d 1978-
|7 jx20101213007
|4 edt
|
| 710 |
2 |
|
|a Univerzita J.E. Purkyně v Ústí nad Labem.
|b Filozofická fakulta
|7 ko2007147994
|4 isb
|
| 830 |
|
0 |
|a Oikúmené (OIKOYMENH)
|0 s
|
| 910 |
2 |
|
|a BOA001
|b 2-1372.369
|
| 990 |
|
|
|a BK
|
| 995 |
|
|
|a 01
|
| 996 |
6 |
|
|b 2610678987
|c 2-1372.369
|l MZK
|r Sklad / do 1 hodiny
|n 0
|p p.v.
|w 001573481
|u 000010
|a 1
|e BOA001
|j MZK50
|s P
|
| 996 |
7 |
|
|b 2610680906
|c 2-1372.369
|l MZK
|r Sklad / do 1 hodiny
|n 2
|p kup
|w 001573481
|u 000020
|a 1
|e BOA001
|j MZK50
|s A
|